000 01355nam a2200373Ia 4500
001 dia_5683
003 CHAP
005 20240219125945.0
007 ta
008 220117s2000 mx adobf 001 0 spa d
040 _cCHAP
_amxchpua
090 _aT.C.292
_bR36 SAI
_c2000
245 1 0 _aSistema agroindustrial porcícola /
_ccoordinador Marco Favio Ramírez Sepúlveda ; colaborador Juan Carlos Díaz Cordova...[et al.]
260 _aMéxico :
_bEl autor,
_c2000
300 _a84 hojas :
_bilustraciones, tablas, fotos, mapas
336 _2rdacontent
_atexto
_btxt
337 _2rdamedia
_asin medio
_bn
338 _2rdacarrier
_avolumen
_bnc
500 _aGrado : 6° año Grupo : 02 Directorio : hoja 81-82
502 _aViaje de Estudios
_b(SAI) --
_cUACh. Departamento de Ingeniería Agroindustrial,
_d2000
504 _aBibliografía : hoja 83-84
650 1 3 _aGanado porcino
_945328
650 1 3 _aProductos cárnicos
_9147832
650 1 3 _aMeat products
_9147831
650 1 3 _aMonogastric livestock
_9153055
700 1 _aRamírez Sepúlveda, Marco Favio
_9150304
_ecoordinador
700 1 _aDíaz Córdova, Juan Carlos
_9159244
_ecolaborador
901 _aT.C.292 R36 SAI 2000
902 _aM
905 _a5332272000 mx bn 8223223322spa16
942 _2local
942 _cVE
999 _c176642
_d176642